Bibliografía crítica de la nueva estilística: aplicada a las literaturas romanicas

Gardado en:
Detalles Bibliográficos
Autor Principal: Hatzfeld, Helmut Anthony (Author)
Formato: Libro
Idioma:Lingua castelá
Publicado: Madrid Gredos 1955
Series:Biblioteca Románica Hispánica. Tratados y Monografías, 1
Subjects:
Tags: Engadir etiqueta
Sen Etiquetas, Sexa o primeiro en etiquetar este rexistro!

MARC

LEADER 00000nam a2200000 a 4500
001 UCT5342
003 CL-VaPUC
008 961206e19550000SP |||||||||||||||||spa|d
082 0 4 |a 801.93  |b HAT  |2 21 
100 |a Hatzfeld, Helmut Anthony  |e author  |9 374776 
245 1 0 |a Bibliografía crítica de la nueva estilística: aplicada a las literaturas romanicas 
300 |a 660 p 
942 |c BK 
945 |d 19961206 00:00:00  |a nastorga 
260 |a Madrid  |b Gredos  |c 1955 
650 0 |a Estilo literario  |9 316417 
650 0 |a Estética literaria  |9 314715 
650 0 |a Retórica   |9 266620 
650 7 |a PERCEPTIVA LITERARIA  |2 CL-VaPUC  |9 374777 
650 0 |a Lingüística  |9 265068 
650 0 |a Semiótica  |9 265317 
650 0 |a Bibliografías   |9 257071 
583 |a last modification  |c 19961206 00:00:00  |k Rodrigo Vera 
490 0 |a Biblioteca Románica Hispánica. Tratados y Monografías, 1 
999 |c 254291  |d 254289 
952 |0 0  |1 0  |4 0  |6 801_930000000000000_HAT_1955  |7 0  |8 A  |9 275852  |a BIBEDU  |b BIBEDU  |d 2019-11-19  |i 3254119  |o 801.93 HAT 1955  |p 3254119  |r 2019-11-19  |w 2019-11-19  |y BK  |k LIT 
952 |0 0  |1 0  |4 0  |6 801_930000000000000_HAT_1955  |7 0  |8 A  |9 275853  |a FDOPOS  |b FDOPOS  |d 2019-11-19  |i 4274652  |o 801.93 HAT 1955  |p 4274652  |r 2025-01-22  |w 2019-11-19  |y BK  |k MLA